000 00638nam a2200241Ia 4500
003 OSt
005 20221007063558.0
006 a|||||r|||| 00| 0
007 ta
008 221006b |||||||| |||| 00| 0 eng d
024 _a20,641
037 _cTextual
040 _aFLL
_cFLL
_beng
041 _2eng
_aeng
082 _aZ2:1:6, H1
100 _aBasu Nrisinhadas
_9342442
245 0 _aIndian succession act (Act XXXIX Of 1925)
250 _a2nd
260 _aCalcutta
_bEastern Law House India
_c1941
300 _a1276p
_ccm.
942 _hZ2:1:6, H1
_cTEXL
_2CC
999 _c1131598
_d1131598